书目信息 |
| 题名: |
比较视角下的欧美文学
|
|
| 作者: | 游英慧 著 | |
| 分册: | ||
| 出版信息: | 北京 光明日报出版社 2015 |
|
| 页数: | 168页 | |
| 开本: | 23cm | |
| 丛书名: | ||
| 单 册: | ||
| 中图分类: | I500.6 , I700.6 | |
| 科图分类: | ||
| 主题词: | 欧洲文学--ou zhou wen xue--文学研究 , 文学研究--wen xue yan jiu--美洲 | |
| 电子资源: | ||
| ISBN: | 978-7-5112-8851-6 | |
| 000 | 01013nam0 22002651 450 | |
| 001 | 0122100609 | |
| 005 | 20170322100609.0 | |
| 010 | @a978-7-5112-8851-6@dCNY42.00 | |
| 100 | @a20151102d2015 em y0chiy50 ea | |
| 101 | 0 | @achi |
| 102 | @aCN@b110000 | |
| 105 | @ay z 000yy | |
| 106 | @ar | |
| 200 | 1 | @a比较视角下的欧美文学@9bi jiao shi jiao xia de ou mei wen xue@dComparative perspective of European and American literature@f游英慧著@zeng |
| 210 | @a北京@c光明日报出版社@d2015 | |
| 215 | @a168页@d23cm | |
| 330 | @a本书共九章,内容包括:比较视角下的欧美文学、古希腊罗马文学、欧洲中世纪文学、文艺复兴时期文学、十七世纪法国古典主义和英国资产阶级革命文学等。 | |
| 510 | 1 | @aComparative perspective of European and American literature@zeng |
| 606 | 0 | @a欧洲文学@9ou zhou wen xue@x文学研究 |
| 606 | 0 | @a文学研究@9wen xue yan jiu@y美洲 |
| 690 | @aI500.6@v5 | |
| 690 | @aI700.6@v5 | |
| 701 | 0 | @a游英慧@9you ying hui@f(1979~)@4著 |
| 801 | 0 | @aCN@bTANGWEI@c20170308 |
| 905 | @b0958050-3@dI500.6@e20@f4 | |
| 比较视角下的欧美文学=Comparative perspective of European and American literature/游英慧著.-北京:光明日报出版社,2015 |
| 168页;23cm |
| ISBN 978-7-5112-8851-6:CNY42.00 |
| 本书共九章,内容包括:比较视角下的欧美文学、古希腊罗马文学、欧洲中世纪文学、文艺复兴时期文学、十七世纪法国古典主义和英国资产阶级革命文学等。 |
| ● |
| 相关链接 |
|
|
|
|
正题名:比较视角下的欧美文学
索取号:I500.6/20
 
预约/预借
| 序号 | 登录号 | 条形码 | 馆藏地/架位号 | 状态 | 备注 |
| 1 | 0958050 | 209580504 | 第一样本阅览室/ [索取号:I500.6/20] | 在馆 | |
| 2 | 0958051 | 209580513 | 第二借阅区/ [索取号:I500.6/20] | 在馆 | |
| 3 | 0958052 | 209580522 | 第二借阅区/ [索取号:I500.6/20] | 在馆 | |
| 4 | 0958053 | 209580531 | 第二借阅区/ [索取号:I500.6/20] | 在馆 |